Communication skills 2 developing basic research and writing skills / (Record no. 72673)

MARC details
000 -LEADER
fixed length control field 00667nam a22002177i 4500
003 - CONTROL NUMBER IDENTIFIER
control field URS
005 - DATE AND TIME OF LATEST TRANSACTION
control field 20251001091319.0
008 - FIXED-LENGTH DATA ELEMENTS--GENERAL INFORMATION
fixed length control field 181207s2000 ph ||||| |||| 00| 0 eng d
020 ## - INTERNATIONAL STANDARD BOOK NUMBER
International Standard Book Number 971-23-2980-1
040 ## - CATALOGING SOURCE
Language of cataloging eng
Description conventions rda
Transcribing agency URS
050 14 - LIBRARY OF CONGRESS CALL NUMBER
Classification number LB15
Item number .B271 2000
100 1# - MAIN ENTRY--PERSONAL NAME
Personal name Baraceros, Esther L.
Relator term author
245 10 - TITLE STATEMENT
Title Communication skills 2 developing basic research and writing skills /
264 #1 - PRODUCTION, PUBLICATION, DISTRIBUTION, MANUFACTURE, AND COPYRIGHT NOTICE
Place of production, publication, distribution, manufacture Manila :
Name of producer, publisher, distributor, manufacturer Rex Book Store,
Date of production, publication, distribution, manufacture, or copyright notice 2000.
300 ## - PHYSICAL DESCRIPTION
Extent viii, 133 p.
Other physical details col ill.; 22 cm.
336 ## - CONTENT TYPE
Content type term text
Content type code txt
Source rdacontent
337 ## - MEDIA TYPE
Media type term unmediated
Media type code n
Source rdamedia
338 ## - CARRIER TYPE
Carrier type term volume
Carrier type code nc
Source rdacarrier
650 #0 - SUBJECT ADDED ENTRY--TOPICAL TERM
Topical term or geographic name entry element English language
General subdivision Study and teaching
942 ## - ADDED ENTRY ELEMENTS (KOHA)
Koha item type Filipiniana
Source of classification or shelving scheme Library of Congress Classification
Holdings
Withdrawn status Damaged status Not for loan Home library Current library Date acquired Total Checkouts Full call number Barcode Date last seen Price effective from Koha item type Source of classification or shelving scheme Collection code Shelving location
      Tanay College Library Tanay College Library 02/09/2015   LB 15 B271 15343 02/09/2015 02/09/2015 Reserved Books      
      Tanay College Library Tanay College Library 02/09/2015   LB15 .B271 2000 URSTAN-15344 02/09/2015 02/09/2015 Reserved Books Library of Congress Classification Non-fiction General Stacks
      Tanay College Library Tanay College Library 02/09/2015   LB15 .B271 2000 URSTAN-N3725 02/09/2015 02/09/2015 Reserved Books Library of Congress Classification Non-fiction Reserve Section

University of Rizal System
Email us at univlibservices@urs.edu.ph

Visit our Website www.urs.edu.ph/library